[Event "San Justo IRT 5th"]
[Site "San Justo"]
[Date "2018.09.29"]
[Round "1.4"]
[White "Perez Raffo, Fabian"]
[Black "Perez Raffo, Martin Nicolas"]
[Result "1/2-1/2"]
[WhiteElo "1319"]
[BlackElo "1701"]
[PlyCount "33"]
[EventDate "2018.09.29"]
[EventType "swiss"]
[EventRounds "6"]
[EventCountry "ARG"]
[SourceTitle "EXT 2024"]
[Source "ChessBase"]
[SourceDate "2023.10.10"]
[SourceVersion "1"]
[SourceVersionDate "2023.10.10"]
[SourceQuality "1"]

1. d4 d5 2. Bf4 Nf6 3. Nf3 g6 4. e3 Bg7 5. Bd3 0-0 6. Nbd2 b6 7. c4 Bb7 8. h3 c6 9. Nb3 Nbd7 10. cxd5 cxd5 11. Qd2 Rc8 12. Ne5 Nh5 13. Nxd7 Qxd7 14. Bh2 Nf6 15. Qe2 Bc6 16. Be5 Ne8 17. Nd2 1/2-1/2